000
00272nam a22001217a 4500
082
_a
823
_b
BPI/L
245
_a
THE LITTLE STORK CATCHES A FISH
260
_a
DELHI
_b
BPI
300
_a
15
520
_a
ENGLISH SHORT STORY
650
_a
ENGLISH SHORT STORY
_z
DELHI
942
_c
BK
999
_c
5936
_d
5936